LEADER 01091nam a2200253 4500 001 000000359728 003 CaOOAMICUS 005 20240909163101.0 008 240909s2024 it a 000 u ita r 040 $aSeMil$bita 100 1 $aZanelli, Nadia.$0(OLS)http://semarc/name/40105 245 10$aNoi della Veddasca :$bcinque secoli di emigrazione e successi /$cNadia Zanelli, Renzo Fazio. 264 1$a[S.l. :$bs.n.],$c2024$e(Germignaga (VA) :$fLitografia Stephan) 300 $a159 p. :$bill. ;$c30 cm 541 0 $aOmaggio mons. Mario Delpini (3P V 599) 650 4$aVal Veddasca - Emigrazione - Storia.$0(OLS)http://semarc/subject/56265 700 1 $aFazio, Renzo.$0(OLS)http://semarc/name/120381 850 $aSeMil 852 $aSeMil$W1$xVenegono$y1$m3P V 599$j250689$B250787$CSeMilBibl$Z2$F250787 $81 941 1 $a7 961 $aOmaggio mons. Mario Delpini 996 $6245$aNoi della Veddasca :$bcinque secoli di emigrazione e successi$9(OLS)http://semarc/title/450130 996 $6264$a[S.l. :$bs.n.]$9(OLS)http://semarc/publisher/29751 LEADER 00771nam a2200229 i 4500 001 000000221131 003 CaOOAMICUS 005 20130619000000.0 008 130619s2006 it u000 u mul u 013 $a200028 020 $a88-250-1588-7 040 $aSeMil$bita 245 10$aTesto. 300 $a378 p. ;$c28 cm. 500 $aFondo card. C. M. Martini. 773 0 $aPoppi, Angelico <1928-2017>$tNuova sinossi dei quattro vangeli.$dPadova : Messaggero, 2006.$g1$w()28637 850 $aSeMil 852 $aSeMil$W1$xVenegono$y1$mSL1.R VI 59$j171482$B171482$CSeMilBibl$Z2$F182567 $8I 941 1 $a4 961 $aLascito: Schieppati don Giorgio 996 $6020$a88-250-1588-7$9(OLS)http://semarc/number/220001 996 $6245$aTesto$9(OLS)http://semarc/title/52238